00496nam a2200145 a 450000100100000000500170001000800410002704000250006824500590009326000460015230000200019804900090021895201060022799900170033300002997220200930055942.0110428s1976 dr 000 0 spa d aDO-SdBNPbspacBNPHU13aBalaguer :bel arco del destino /cR. A. Font Bernard. aSanto Domingo :bEditora Colonial,c1976. a15 p. ;c21 cm. aBNPD 00107-18PDaPDbPDcOId2011-04-28iLF1l0o p29972-10r2020-06-25w2020-06-25yLFPDZNo se presta c29464d29464